| 000 | 00809nam a2200253 i 4500 | ||
|---|---|---|---|
| 003 | DO-SdBNP | ||
| 005 | 20260312093404.0 | ||
| 007 | ta | ||
| 008 | 260412s2004 dr o 000 0 spa d | ||
| 040 |
_aDO-SdBNP _bspa _cBNPHU _erda |
||
| 041 | _aspa | ||
| 082 |
_axxxx _bR426n _222 |
||
| 100 | _911765 | ||
| 110 | 1 |
_aRepública Dominicana. _bSecretaria de Estado de Medio Ambiente y Recursos Naturales |
|
| 245 | 1 | 0 |
_aNoticias de medio ambiente : _bdiciembre 2001-a diciembre 2003 |
| 264 | 1 |
_aSanto Domingo : _bSecretaria de Estado de Medio Ambiente, _c2004 |
|
| 300 |
_a288 páginas : _bilustraciones ; _c27 cm. |
||
| 336 |
_2rdacontent _atexto _btxt |
||
| 337 |
_2rdamedia _asin mediación _bn |
||
| 338 |
_2rdacarrier _avolumen _bnc |
||
| 590 | _aInventariado, 2026/DG | ||
| 910 | _aDG | ||
| 942 |
_2ddc _cLBS1 |
||
| 999 |
_c60489 _d60489 |
||